[Event "Letmathe - Kölner SK 2"]
[Site "?"]
[Date "2024.01.28"]
[Round "5.3"]
[White "Nagel, Bernhard"]
[Black "Mollema, Thomas"]
[Result "1/2-1/2"]
[WhiteElo "2138"]
[BlackElo "2241"]
[PlyCount "76"]
[EventDate "2024.??.??"]

1. c4 e6 2. g3 d5 3. Nf3 c5 4. cxd5 exd5 5. d4 Nc6 6. Bg2 Nf6 7. O-O Be7 8. dxc5 Bxc5 9. a3 a5 10. Bg5 Be6 11. Nc3 d4 12. Ne4 Be7 13. Nxf6+ Bxf6 14. Qd2 h6 15. Bxf6 Qxf6 16. Ne1 O-O 17. Nd3 Rfd8 18. Nc5 d3 19. Bxc6 dxe2 20. Qxe2 bxc6 21. Nxe6 Re8 22. Qc2 Rxe6 23. Rae1 Rae8 24. Rxe6 Rxe6 25. Rc1 Qf3 26. Qc3 Qf5 27. Re1 Rxe1+ 28. Qxe1 Qd5 29. h4 Kf8 30. Qc3 f6 31. Kf1 Kf7 32. Ke2 g5 33. hxg5 fxg5 34. Qh8 Qe6+ 35. Kf1 Kg6 36. Qc3 Qd5 37. Qc2+ Kg7 38. Qc3+ Kg6 1/2-1/2

[Event "Letmathe - Kölner SK 2"]
[Site "?"]
[Date "2024.01.28"]
[Round "5.4"]
[White "Gruermann, Martin"]
[Black "Fox, Daniel"]
[Result "1-0"]
[WhiteElo "2211"]
[BlackElo "2185"]
[PlyCount "101"]
[EventDate "2024.??.??"]

1. e4 b6 2. d4 Bb7 3. Nc3 e6 4. Bd3 Bb4 5. Nge2 Nf6 6. O-O d5 7. e5 Nfd7 8. Ng3 h5 9. f4 g6 10. Qf3 c5 11. f5 gxf5 12. Bxf5 Bxc3 13. bxc3 Qe7 14. h4 Qxh4 15. Bxe6 fxe6 16. Qf7+ Kd8 17. Qg7 Kc7 18. Bg5 Qg4 19. Rf4 Qxf4 20. Bxf4 Nc6 21. Qg6 Rae8 22. Nxh5 Rhg8 23. Ng7 Kc8 24. Qxe8+ Rxe8 25. Nxe8 cxd4 26. Nd6+ Kb8 27. Nxb7 Kxb7 28. cxd4 Nxd4 29. Rf1 Ne2+ 30. Kh1 Nxf4 31. Rxf4 Kc6 32. Rf7 Nxe5 33. Rxa7 Ng4 34. g3 Ne3 35. Ra3 Nc4 36. Rf3 e5 37. g4 e4 38. Rf4 Kd6 39. g5 Ne5 40. g6 Nxg6 41. Rf6+ Kc5 42. Rxg6 b5 43. Kg2 Kb4 44. Rc6 d4 45. Kf2 Ka3 46. Ke2 Kxa2 47. Rb6 Kb2 48. Kd2 e3+ 49. Kd3 e2 50. Rxb5+ Kc1 51. Re5 1-0

[Event "Letmathe - Kölner SK 2"]
[Site "?"]
[Date "2024.01.28"]
[Round "5.5"]
[White "Cramer, Volker"]
[Black "Pfleger, Sascha"]
[Result "1/2-1/2"]
[WhiteElo "2045"]
[BlackElo "2038"]
[PlyCount "62"]
[EventDate "2024.??.??"]

1. d4 Nf6 2. Bg5 c5 3. d5 Ne4 4. Bf4 g5 5. Be5 Rg8 6. e3 Qa5+ 7. c3 d6 8. Bg3 Nd7 9. Nd2 Ndf6 10. Nxe4 Nxe4 11. Bd3 Nxg3 12. hxg3 h6 13. Qb3 Qc7 14. a4 Bd7 15. Nf3 O-O-O 16. Nd2 e6 17. Bc4 Re8 18. Ne4 Rg6 19. O-O-O e5 20. Bb5 f5 21. Nd2 e4 22. Rde1 Kb8 23. a5 Ka8 24. Kc2 a6 25. Be2 Rf6 26. Nc4 Ka7 27. Nb6 Bc8 28. Bh5 Re5 29. Be2 Re8 30. Bh5 Re5 31. Be2 Re8 1/2-1/2

[Event "Letmathe - Kölner SK 2"]
[Site "?"]
[Date "2024.01.28"]
[Round "5.6"]
[White "Heeke, Guido"]
[Black "Loseries, Uwe"]
[Result "1/2-1/2"]
[WhiteElo "1864"]
[BlackElo "2157"]
[PlyCount "45"]
[EventDate "2024.??.??"]

1. c4 Nf6 2. Nc3 g6 3. g3 Bg7 4. Bg2 O-O 5. Nf3 d6 6. O-O Nc6 7. d4 a6 8. b3 Rb8 9. Bb2 b5 10. cxb5 axb5 11. Rc1 Nb4 12. a3 Na6 13. Nb1 Bb7 14. Nh4 Bxg2 15. Nxg2 c5 16. dxc5 Nxc5 17. Ne1 Nfd7 18. Bxg7 Kxg7 19. Nd3 Kg8 20. Nb4 Qc8 21. Rc3 Nf6 22. f3 Qd7 23. Kg2 1/2-1/2

[Event "Brühl - Welper"]
[Site "?"]
[Date "2024.01.28"]
[Round "5.1"]
[White "Sohlmann, Jan-Henning"]
[Black "Loifenfeld, Jakov"]
[Result "0-1"]
[WhiteElo "2235"]
[BlackElo "2362"]
[PlyCount "166"]
[EventDate "2024.??.??"]

1. b4 e5 2. Bb2 d6 3. e3 Nf6 4. Nf3 Be7 5. d4 e4 6. Nfd2 d5 7. b5 O-O 8. c4 Re8 9. Nc3 Bf5 10. a4 Nbd7 11. Ba3 c5 12. bxc6 bxc6 13. Bxe7 Qxe7 14. c5 Ng4 15. Ne2 Nf8 16. a5 Rab8 17. h3 Nf6 18. Qc2 h5 19. Qc3 h4 20. a6 Bc8 21. Nb3 Ne6 22. Qc2 Qc7 23. Ra4 Nd7 24. Kd2 f5 25. Kc3 f4 26. g3 hxg3 27. fxg3 fxe3 28. Bg2 Rf8 29. Rf1 Rf2 30. Rxf2 exf2 31. Ra1 Nf6 32. Qd2 Nh5 33. Qe3 Qf7 34. Rf1 Bxa6 35. Rxf2 Qb7 36. Nec1 Qb4+ 37. Kc2 Bc4 38. Rd2 a5 39. Qc3 Qxc3+ 40. Kxc3 e3 41. Rd1 Rb5 42. Re1 a4 43. Na1 a3 44. Nc2 a2 45. Rxe3 Kf7 46. Rf3+ Ke7 47. Nxa2 Bxa2 48. Nb4 Bc4 49. Nxc6+ Ke8 50. Nb4 Ra5 51. Re3 Ra3+ 52. Kd2 Rxe3 53. Kxe3 Nf6 54. h4 Nc7 55. Kf4 Ke7 56. g4 Ne6+ 57. Kf5 Nxd4+ 58. Kg6 Ne6 59. g5 Ne4 60. c6 Nf4+ 61. Kxg7 Nxg2 62. h5 Nxg5 63. h6 Nf4 64. h7 Nfe6+ 65. Kg6 Nxh7 66. Kxh7 d4 67. Kg6 Kd6 68. Kf6 Kc5 69. Nc2 d3 70. Ne3 d2 71. Ke5 Kxc6 72. Ke4 Kc5 73. Nd1 Nd4 74. Ke3 Nb3 75. Nc3 Kb4 76. Nd1 Bb5 77. Kf2 Bd3 78. Ke3 Bc2 79. Nf2 Kc3 80. Ke2 Nd4+ 81. Ke3 Nf5+ 82. Ke2 Ng3+ 83. Ke3 Ne4 0-1

[Event "Brühl - Welper"]
[Site "?"]
[Date "2024.01.28"]
[Round "5.2"]
[White "Keller, Thomas"]
[Black "Bastians, Felix"]
[Result "0-1"]
[WhiteElo "2258"]
[BlackElo "2157"]
[PlyCount "82"]
[EventDate "2024.??.??"]

1. e4 d6 2. d4 Nf6 3. f3 c5 4. dxc5 Qa5+ 5. Nc3 Qxc5 6. Nge2 Nc6 7. Nf4 e6 8. Qe2 a6 9. Qe3 Nd4 10. Bd3 Bd7 11. Qf2 Nb5 12. Qxc5 dxc5 13. e5 Nxc3 14. exf6 Nd5 15. fxg7 Bxg7 16. Nh5 Be5 17. Bd2 Rc8 18. c3 Rg8 19. Kf1 c4 20. Be4 Rc5 21. Re1 Bh8 22. Bxh7 Rf8 23. Bh6 Nxc3 24. Bxf8 Kxf8 25. bxc3 Rxh5 26. Rd1 Ke7 27. Bc2 Bxc3 28. h4 Bf6 29. g4 Rxh4 30. Rxh4 Bxh4 31. Be4 Bc8 32. Rb1 b5 33. a4 Bd7 34. Bb7 c3 35. Ke2 Bf6 36. Kd3 Kd6 37. Bxa6 bxa4 38. Bb5 a3 39. Bxd7 a2 40. Rc1 c2 41. Ba4 Bb2 0-1

[Event "Brühl - Welper"]
[Site "?"]
[Date "2024.01.28"]
[Round "5.3"]
[White "Schaller, Fabian"]
[Black "Gramb, Marius"]
[Result "1/2-1/2"]
[WhiteElo "2072"]
[BlackElo "2166"]
[PlyCount "85"]
[EventDate "2024.??.??"]

1. Nf3 d5 2. b3 Bg4 3. Bb2 Bxf3 4. exf3 e6 5. g3 Nf6 6. Bg2 g6 7. O-O Bg7 8. d3 O-O 9. Nd2 Nh5 10. Bxg7 Nxg7 11. f4 Nd7 12. Nf3 a5 13. Ne5 c6 14. Qd2 Qc7 15. Qc3 Nf5 16. a4 Nxe5 17. fxe5 Qb6 18. Kh1 Qb4 19. Qb2 Qd4 20. Rab1 b5 21. Bh3 Qxb2 22. Rxb2 Ne7 23. f4 h5 24. g4 hxg4 25. Bxg4 b4 26. Kg2 Kg7 27. Rbb1 Rab8 28. Rbc1 Rb6 29. h4 Rh8 30. Rh1 d4 31. Kf3 Nd5 32. Rh2 Rbb8 33. Rch1 Rh6 34. Rf2 Rbh8 35. Rfh2 Ne3 36. Kg3 c5 37. Re1 Kf8 38. Reh1 Ke7 39. Kf3 Kf8 40. Kg3 Kg8 41. Rf2 Kg7 42. Re2 Kf8 43. Reh2 1/2-1/2

[Event "Brühl - Welper"]
[Site "?"]
[Date "2024.01.28"]
[Round "5.4"]
[White "Spilles, Matthias"]
[Black "Kemna, Guido"]
[Result "0-1"]
[WhiteElo "2109"]
[BlackElo "2141"]
[PlyCount "82"]
[EventDate "2024.??.??"]

1. e4 c6 2. d4 d5 3. exd5 cxd5 4. Bd3 Nc6 5. c3 Nf6 6. Bf4 Bg4 7. Qb3 Na5 8. Qa4+ Bd7 9. Qc2 e6 10. Nf3 Be7 11. O-O Rc8 12. Nbd2 Nc4 13. Ne5 Nd6 14. a4 a6 15. Rfe1 Nh5 16. Be3 g6 17. Ndf3 Ng7 18. Qe2 O-O 19. Bh6 Re8 20. g4 Bf8 21. Qf1 f6 22. Nxg6 hxg6 23. Bxg6 Re7 24. Qh3 Be8 25. Bd3 Ne4 26. Bf4 Rd7 27. Rxe4 dxe4 28. Bxe4 f5 29. Bc2 Bg6 30. Qh6 Qe8 31. Ne5 Bh7 32. Kh1 Bd6 33. Rg1 Bxe5 34. Bxe5 Rcc7 35. d5 Rxd5 36. Bxc7 Qc6 37. Rg2 Qxc7 38. gxf5 Bxf5 39. Bxf5 Rd1+ 40. Rg1 Qc6+ 41. f3 Qxf3# 0-1

[Event "Brühl - Welper"]
[Site "?"]
[Date "2024.01.28"]
[Round "5.5"]
[White "Linde, Wolfgang"]
[Black "Schaefer, Juergen"]
[Result "0-1"]
[WhiteElo "2044"]
[BlackElo "2132"]
[PlyCount "116"]
[EventDate "2024.??.??"]

1. d4 g6 2. Nf3 Bg7 3. c4 d6 4. e3 Nc6 5. d5 Ne5 6. Nxe5 Bxe5 7. Be2 e6 8. O-O Ne7 9. Nc3 O-O 10. e4 Bg7 11. Bg5 h6 12. Be3 e5 13. c5 g5 14. cxd6 cxd6 15. a4 Ng6 16. Bg4 a6 17. a5 Bxg4 18. Qxg4 Qc8 19. Qd1 Nf4 20. f3 f5 21. g3 Nh3+ 22. Kg2 f4 23. Bb6 fxg3 24. hxg3 g4 25. fxg4 Rxf1 26. Kxf1 h5 27. Kg2 hxg4 28. Be3 Qd7 29. Qe2 Rf8 30. Rf1 Kh7 31. Rxf8 Bxf8 32. Qf1 Bh6 33. Bxh6 Kxh6 34. Qf6+ Kh5 35. Qh8+ Kg6 36. Qg8+ Kh6 37. Nd1 Ng5 38. Ne3 Nxe4 39. Nxg4+ Kh5 40. Ne3 Nf6 41. Qf8 Kg6 42. Nc4 Qb5 43. Nxd6 Qxd5+ 44. Kg1 e4 45. Ne8 Qd1+ 46. Kg2 Qf3+ 47. Kg1 Qxg3+ 48. Kf1 Qd3+ 49. Kg2 Qc2+ 50. Kf1 Qb1+ 51. Ke2 Qxb2+ 52. Kd1 Qb1+ 53. Kd2 e3+ 54. Kc3 Qc1+ 55. Kb3 Qd1+ 56. Kb2 Qd4+ 57. Kc1 Qa1+ 58. Kc2 Qa4+ 0-1

[Event "Brühl - Welper"]
[Site "?"]
[Date "2024.01.28"]
[Round "5.6"]
[White "Kubitza, Georg"]
[Black "Schaller, Torsten"]
[Result "1/2-1/2"]
[WhiteElo "1979"]
[BlackElo "2002"]
[PlyCount "81"]
[EventDate "2024.??.??"]

1. e4 c5 2. Nf3 e6 3. d4 cxd4 4. Nxd4 Nc6 5. Nc3 Qc7 6. g3 a6 7. Bg2 Nf6 8. O-O d6 9. Nxc6 bxc6 10. b3 Be7 11. Bb2 e5 12. Qd2 O-O 13. Rfe1 Bb7 14. Na4 Rad8 15. c4 Ra8 16. c5 dxc5 17. Qc3 Nd7 18. Ba3 Rad8 19. Rac1 Rfe8 20. h4 h6 21. Red1 Nf8 22. Bh3 Rd4 23. Bxc5 Bxc5 24. Nxc5 Red8 25. Rxd4 exd4 26. Qc4 Bc8 27. Bxc8 Qxc8 28. Qxa6 Qc7 29. Nd3 Rd6 30. Kg2 g5 31. hxg5 hxg5 32. Qc4 Ng6 33. e5 Re6 34. Qxd4 Nxe5 35. Nxe5 Rxe5 36. Qc4 c5 37. Qg4 Kf8 38. Rc2 Qc6+ 39. Qf3 Qg6 40. Rd2 Kg7 41. g4 1/2-1/2

[Event "Brühl - Welper"]
[Site "?"]
[Date "2024.01.28"]
[Round "5.7"]
[White "Conrad, Joachim"]
[Black "Guelsen, Taylan"]
[Result "0-1"]
[WhiteElo "1981"]
[BlackElo "2130"]
[PlyCount "70"]
[EventDate "2024.??.??"]

1. d4 d5 2. Nf3 Nf6 3. e3 c6 4. b3 Bg4 5. Bb2 Nbd7 6. h3 Bh5 7. Nbd2 e6 8. g4 Bg6 9. Nh4 Bb4 10. c3 Bd6 11. Nxg6 hxg6 12. Bg2 e5 13. dxe5 Nxe5 14. Qc2 Qa5 15. O-O-O Qxa2 16. e4 Ba3 17. Bxa3 Qxa3+ 18. Kb1 dxe4 19. Nxe4 Nxe4 20. Bxe4 Rd8 21. f4 Nd7 22. Bxg6 O-O 23. Bh7+ Kh8 24. Bd3 b5 25. Qb2 Qc5 26. g5 Nb6 27. b4 Qe3 28. Rhe1 Rxd3 29. Rxe3 Rxd1+ 30. Ka2 Nc4 31. Qb3 Rd2+ 32. Ka1 Nxe3 33. g6 Nc4 34. gxf7 Rxf7 35. Qb1 Rfd7 0-1

[Event "Brühl - Welper"]
[Site "?"]
[Date "2024.01.28"]
[Round "5.8"]
[White "Peters, Alex"]
[Black "Sondermann, Dirk"]
[Result "1-0"]
[WhiteElo "2167"]
[BlackElo "1860"]
[PlyCount "69"]
[EventDate "2024.??.??"]

1. b3 f5 2. Bb2 Nf6 3. g3 e6 4. Bg2 Be7 5. Nf3 O-O 6. O-O d6 7. c4 e5 8. Nc3 c6 9. d3 c5 10. Qd2 Nc6 11. a3 Rb8 12. e3 a6 13. Qc2 f4 14. exf4 exf4 15. Nd5 Nxd5 16. cxd5 Na7 17. d4 Bf5 18. Qd2 Be4 19. dxc5 dxc5 20. Rae1 Bxf3 21. Bxf3 Bf6 22. a4 Nc6 23. Qc2 Nd4 24. Bxd4 Bxd4 25. Kg2 Qd7 26. Re6 fxg3 27. fxg3 b5 28. a5 b4 29. Qe4 Qb5 30. Be2 Qxa5 31. Rxf8+ Rxf8 32. Re8 Qc7 33. d6 Qxd6 34. Bc4+ Kh8 35. Qe6 1-0

[Event "Brackel II - Solingen 3"]
[Site "?"]
[Date "2024.01.28"]
[Round "5.1"]
[White "Berg, Michael"]
[Black "Korten, Lando"]
[Result "1/2-1/2"]
[WhiteElo "2278"]
[BlackElo "2193"]
[PlyCount "48"]
[EventDate "2024.??.??"]

1. d4 Nf6 2. c4 g6 3. Nc3 Bg7 4. e4 d6 5. Nf3 O-O 6. Be2 e5 7. O-O Na6 8. Qc2 Nb4 9. Qd1 Na6 10. Be3 exd4 11. Nxd4 Nc5 12. f3 a5 13. Qd2 Re8 14. Rad1 Be6 15. Rfe1 Nfd7 16. b3 Qe7 17. Kh1 Ne5 18. f4 Ng4 19. Bg1 Bh6 20. Nxe6 Qxe6 21. Bf3 Ne5 22. Be2 Nc6 23. Bf3 Ne5 24. Be2 Nc6 1/2-1/2

[Event "Brackel II - Solingen 3"]
[Site "?"]
[Date "2024.01.28"]
[Round "5.3"]
[White "Kononenko, Tatiana"]
[Black "Wuebker, Paul-Luca"]
[Result "0-1"]
[WhiteElo "2323"]
[BlackElo "2243"]
[PlyCount "56"]
[EventDate "2024.??.??"]

1. d4 Nf6 2. Nf3 c5 3. d5 b5 4. a4 Bb7 5. e4 Nxe4 6. axb5 e6 7. dxe6 fxe6 8. Bd3 Be7 9. Qe2 Nf6 10. O-O O-O 11. Ng5 h6 12. Nh3 Bd6 13. Nc3 Qc7 14. f4 Be7 15. Bd2 Bc8 16. Nf2 d5 17. b3 Bd6 18. Ng4 Nxg4 19. Qxg4 Rf6 20. Qh5 Bb7 21. g4 Nd7 22. g5 Rxf4 23. gxh6 Nf6 24. Qe2 Rg4+ 25. Kf2 Bg3+ 26. Kg2 Bxh2+ 27. Kh1 d4+ 28. Rf3 dxc3 0-1

[Event "Brackel II - Solingen 3"]
[Site "?"]
[Date "2024.01.28"]
[Round "5.4"]
[White "Stemmler, Fabian"]
[Black "Michalczak, Thomas"]
[Result "1/2-1/2"]
[WhiteElo "2135"]
[BlackElo "2205"]
[PlyCount "171"]
[EventDate "2024.??.??"]

1. e4 c5 2. Nf3 d6 3. d4 cxd4 4. Nxd4 Nf6 5. Nc3 g6 6. Be3 Nc6 7. f3 h5 8. Qd2 Nxd4 9. Qxd4 Bg7 10. Bb5+ Bd7 11. Bxd7+ Qxd7 12. Qd2 O-O 13. Bh6 Rfc8 14. Bxg7 Kxg7 15. O-O-O Rc5 16. Rhe1 Qe6 17. Nd5 Rac8 18. Kb1 Nxd5 19. exd5 Qf5 20. Re2 a5 21. Qd4+ Qf6 22. c3 R8c7 23. Qxf6+ Kxf6 24. Rd4 Rc4 25. Ree4 Rxd4 26. Rxd4 Ke5 27. a4 g5 28. Kc2 f5 29. Kd3 Rc5 30. c4 Rc8 31. Kc3 g4 32. f4+ Kf6 33. Rd3 e5 34. dxe6 Kxe6 35. Rd5 Rc5 36. Kd4 b6 37. g3 h4 38. gxh4 Rc8 39. Rb5 Rh8 40. Rxb6 Ke7 41. c5 dxc5+ 42. Ke5 Rxh4 43. Rb7+ Kf8 44. Kxf5 Rxh2 45. Kxg4 c4 46. Rb5 Ke7 47. Kf5 Rc2 48. Ke4 c3 49. b3 Re2+ 50. Kd3 c2 51. Rc5 Rf2 52. Rxc2 Rf3+ 53. Kc4 Rxf4+ 54. Kb5 Rb4+ 55. Kxa5 Rxb3 56. Rd2 Rb1 57. Ka6 Rb3 58. a5 Rb1 59. Ka7 Rb3 60. a6 Rb1 61. Rd5 Rb2 62. Ka8 Rb1 63. Rd3 Rb2 64. Rd4 Rb1 65. Rd2 Rb3 66. Rd1 Rb2 67. Rh1 Kd7 68. Rh7+ Kc8 69. Rb7 Rc2 70. Ka7 Rc1 71. Rb5 Kc7 72. Rh5 Rc2 73. Rh7+ Kc8 74. Rb7 Rc1 75. Rb2 Rc3 76. Rb5 Rc1 77. Rg5 Rb1 78. Rc5+ Kd7 79. Rc2 Rb3 80. Ka8 Rb1 81. a7 Rb3 82. Rh2 Kc7 83. Rh7+ Kc8 84. Rh8+ Kc7 85. Rb8 Rc3 86. Rc8+ 1/2-1/2

[Event "Brackel II - Solingen 3"]
[Site "?"]
[Date "2024.01.28"]
[Round "5.5"]
[White "Kniest, Oliver"]
[Black "Kartsev, Nikolay"]
[Result "1-0"]
[WhiteElo "2255"]
[BlackElo "2062"]
[PlyCount "75"]
[EventDate "2024.??.??"]

1. d4 e6 2. c4 f5 3. a3 Nf6 4. Nc3 Be7 5. Bf4 d6 6. e3 O-O 7. Be2 c6 8. h3 Ne4 9. Nf3 Nd7 10. Nxe4 fxe4 11. Nd2 d5 12. O-O a5 13. f3 Rxf4 14. exf4 e3 15. Nb3 Bd6 16. Qe1 Nf6 17. c5 Bxf4 18. g3 Bc7 19. f4 a4 20. Nc1 Ba5 21. Qd1 Ne4 22. Rf3 e5 23. dxe5 d4 24. b4 axb3 25. Nxb3 Bd2 26. Qc2 Nc3 27. Bc4+ Kh8 28. Nxd2 exd2 29. Qxd2 Bxh3 30. Rd3 Ne4 31. Qb2 Qe8 32. Qxd4 Bf5 33. g4 Nxc5 34. Qxc5 Bxd3 35. Bxd3 Qd8 36. Qe3 Ra4 37. Be2 Rd4 38. e6 1-0

[Event "Brackel II - Solingen 3"]
[Site "?"]
[Date "2024.01.28"]
[Round "5.6"]
[White "Gerlach, Felix"]
[Black "Borchert, Stephan"]
[Result "0-1"]
[WhiteElo "2136"]
[BlackElo "2065"]
[PlyCount "58"]
[EventDate "2024.??.??"]

1. c4 Nf6 2. g3 g6 3. Bg2 Bg7 4. Nc3 O-O 5. e4 d6 6. Nge2 c5 7. O-O Nc6 8. d3 Rb8 9. h3 a6 10. a4 Bd7 11. Be3 Ne8 12. Rb1 Nc7 13. d4 cxd4 14. Nxd4 Ne6 15. Nde2 Na5 16. b3 b5 17. axb5 axb5 18. cxb5 Bxb5 19. Nxb5 Rxb5 20. b4 Nc4 21. Qd3 Nxe3 22. Qxb5 Nxf1 23. Kxf1 Qc7 24. Qd3 Rb8 25. f4 Qa7 26. f5 Nd4 27. Nxd4 Bxd4 28. Qc4 Bg1 29. Qe2 Bh2 0-1

[Event "Brackel II - Solingen 3"]
[Site "?"]
[Date "2024.01.28"]
[Round "5.7"]
[White "Peschel, Andreas"]
[Black "Elier, Ali"]
[Result "1-0"]
[WhiteElo "2038"]
[BlackElo "2181"]
[PlyCount "73"]
[EventDate "2024.??.??"]

1. Nf3 d5 2. g3 Nf6 3. Bg2 e6 4. O-O Be7 5. c4 O-O 6. d4 dxc4 7. Ne5 Nc6 8. Nxc6 bxc6 9. e3 Rb8 10. Qa4 c5 11. dxc5 Bxc5 12. Rd1 Qe7 13. Qxc4 Bb7 14. Bxb7 Rxb7 15. Nc3 Rb4 16. Qe2 c6 17. b3 Rg4 18. Na4 Bb6 19. Bb2 e5 20. Rac1 Qe6 21. Ba3 Re8 22. Rd6 Qf5 23. Nxb6 axb6 24. Rdxc6 h5 25. Qc2 Qf3 26. Rc8 h4 27. Rxe8+ Nxe8 28. Qc6 e4 29. Qxe8+ Kh7 30. Qb5 Rg6 31. Qf1 hxg3 32. hxg3 Rh6 33. Qg2 Qg4 34. Rf1 f5 35. f3 Qg6 36. fxe4 fxe4 37. Rf4 1-0

[Event "Brackel II - Solingen 3"]
[Site "?"]
[Date "2024.01.28"]
[Round "5.8"]
[White "Bartelt, Max Peter"]
[Black "Sereda, Yaroslava"]
[Result "1-0"]
[WhiteElo "2059"]
[BlackElo "1939"]
[PlyCount "135"]
[EventDate "2024.??.??"]

1. d4 d5 2. Nf3 Nf6 3. g3 e6 4. Bg2 Be7 5. O-O O-O 6. c4 c6 7. Nc3 Nbd7 8. Qc2 b6 9. b3 Ba6 10. Nd2 Rc8 11. Bb2 c5 12. dxc5 dxc4 13. b4 Nd5 14. Qa4 Bb7 15. Nxd5 exd5 16. Qxa7 Bc6 17. cxb6 Bxb4 18. b7 Rc7 19. Qd4 Nf6 20. Rfd1 Rd7 21. Nf3 Bxb7 22. Ne5 Rc7 23. Nxc4 Ba6 24. Ne3 Bc5 25. Qf4 Bxe3 26. fxe3 Bxe2 27. Bxf6 gxf6 28. Rxd5 Qe7 29. Re1 Bc4 30. Rh5 Rc5 31. Rh6 Qe5 32. Qh4 Qg5 33. Rxh7 Qxh4 34. Rxh4 Bxa2 35. Rf1 f5 36. Rh5 Re8 37. e4 Rc2 38. Rhxf5 Bc4 39. Re1 Bd3 40. Rf2 Rc5 41. Rd2 Bb5 42. g4 f5 43. gxf5 Rxf5 44. Rb1 Rfe5 45. Rd5 Bc6 46. Rxe5 Rxe5 47. Rc1 Bb7 48. Rc4 Ba6 49. Rd4 Kf7 50. Rd7+ Kf6 51. Kf2 Bb5 52. Rb7 Bd3 53. Ke3 Bxe4 54. Bxe4 Rh5 55. Rb6+ Ke7 56. Rb2 Rh3+ 57. Bf3 Rh4 58. Rg2 Kf6 59. Bg4 Rh8 60. Kf4 Kg7 61. Bf5+ Kh6 62. Rg6+ Kh5 63. Rg5+ Kh6 64. Rg6+ Kh5 65. Rg7 Kh6 66. Rf7 Kh5 67. Ra7 Rh6 68. Ra3 1-0

[Event "Münster II - Elberfeld"]
[Site "?"]
[Date "2024.01.28"]
[Round "5.1"]
[White "Odendahl, Reiner"]
[Black "Weidemann, Jakob"]
[Result "1/2-1/2"]
[WhiteElo "2281"]
[BlackElo "2082"]
[PlyCount "37"]
[EventDate "2024.??.??"]

1. Nf3 Nf6 2. c4 b6 3. g3 Bb7 4. Bg2 c5 5. O-O g6 6. b3 Bg7 7. Bb2 O-O 8. Nc3 d5 9. Nxd5 Nxd5 10. Bxg7 Kxg7 11. cxd5 Qxd5 12. d4 cxd4 13. Qxd4+ Qxd4 14. Nxd4 Bxg2 15. Kxg2 Rd8 16. Rfd1 Na6 17. Nb5 Nb4 18. a3 Nc2 19. Rxd8 1/2-1/2

[Event "Münster II - Elberfeld"]
[Site "?"]
[Date "2024.01.28"]
[Round "5.2"]
[White "Junk, Phillip"]
[Black "Volkov, Mykyta"]
[Result "1/2-1/2"]
[WhiteElo "2111"]
[BlackElo "2281"]
[PlyCount "47"]
[EventDate "2024.??.??"]

1. e4 e6 2. d4 d5 3. exd5 exd5 4. Nf3 Nc6 5. Bb5 Bd6 6. c4 dxc4 7. d5 a6 8. Ba4 b5 9. dxc6 bxa4 10. O-O Ne7 11. Nbd2 c3 12. Ne4 O-O 13. Qxa4 cxb2 14. Bxb2 Rb8 15. Nxd6 cxd6 16. Ba3 Rb5 17. Rfd1 Ra5 18. Qb4 Nxc6 19. Qc3 Qf6 20. Qxf6 gxf6 21. Bxd6 Rd8 22. Rac1 Bb7 23. a3 Ne5 24. Nxe5 1/2-1/2

[Event "Münster II - Elberfeld"]
[Site "?"]
[Date "2024.01.28"]
[Round "5.3"]
[White "Dresen, Ulrich"]
[Black "Schroeder, Lennart"]
[Result "1/2-1/2"]
[WhiteElo "2163"]
[BlackElo "2107"]
[PlyCount "60"]
[EventDate "2024.??.??"]

1. d4 Nf6 2. c4 g6 3. Nc3 d5 4. cxd5 Nxd5 5. g3 Bg7 6. Bg2 Nxc3 7. bxc3 c5 8. Nf3 Nc6 9. O-O Bf5 10. Be3 Be4 11. Qa4 Qa5 12. Qxa5 Nxa5 13. Rac1 Nc4 14. Bf4 O-O 15. Rfd1 Rac8 16. Ne5 Bxg2 17. Kxg2 Bxe5 18. dxe5 Rfd8 19. h4 b6 20. f3 Nb2 21. Rh1 Nc4 22. Rhd1 Kf8 23. Kf2 Ke8 24. h5 Rxd1 25. Rxd1 Rd8 26. hxg6 hxg6 27. Rh1 Kd7 28. Rd1+ Ke8 29. Rh1 Kd7 30. Rd1+ Ke8 1/2-1/2

[Event "Münster II - Elberfeld"]
[Site "?"]
[Date "2024.01.28"]
[Round "5.4"]
[White "Virnyi, Julius"]
[Black "Hintze, Helge"]
[Result "1/2-1/2"]
[WhiteElo "2121"]
[BlackElo "2219"]
[PlyCount "50"]
[EventDate "2024.??.??"]

1. d4 Nf6 2. c4 g6 3. Nc3 d5 4. cxd5 Nxd5 5. e4 Nxc3 6. bxc3 Bg7 7. Nf3 c5 8. Be3 Qa5 9. Qd2 O-O 10. Rb1 cxd4 11. cxd4 Qxd2+ 12. Kxd2 b6 13. Rc1 Bb7 14. Bd3 Na6 15. Rc4 Rfc8 16. Rhc1 e6 17. Ne5 Rxc4 18. Rxc4 Bf8 19. a3 b5 20. Rc2 Bxa3 21. Bxb5 Bd6 22. Bc6 Bxc6 23. Rxc6 Bxe5 24. Rxa6 Rd8 25. Rxa7 Bxd4 1/2-1/2

[Event "Münster II - Elberfeld"]
[Site "?"]
[Date "2024.01.28"]
[Round "5.5"]
[White "Kurr, Gerd"]
[Black "Boesel, Alexander"]
[Result "1/2-1/2"]
[WhiteElo "2187"]
[BlackElo "2008"]
[PlyCount "158"]
[EventDate "2024.??.??"]

1. c4 e6 2. Nf3 d5 3. d4 Nf6 4. cxd5 exd5 5. Nc3 c6 6. Bg5 Be7 7. Qc2 O-O 8. e3 Re8 9. Bd3 Nbd7 10. O-O h6 11. Bh4 Ne4 12. Bxe7 Qxe7 13. Bxe4 dxe4 14. Nd2 Nf6 15. Rac1 Bf5 16. Ne2 Nd5 17. Qc5 Qg5 18. Nc4 Re7 19. Nf4 Rd8 20. Nd6 Bg4 21. g3 Nxf4 22. exf4 Qf6 23. Nc4 Bh3 24. Rfd1 b6 25. Qa3 Qe6 26. Ne3 Red7 27. Qa4 b5 28. Qa6 Rxd4 29. Rxd4 Rxd4 30. Qxa7 Rd6 31. b3 Qf6 32. a4 bxa4 33. Qxa4 Qb2 34. Re1 Qc3 35. Rb1 Qd3 36. Qa8+ Kh7 37. Qa1 Qe2 38. Rd1 Rd2 39. Rxd2 Qxd2 40. Qd1 Qb2 41. Qc2 Qd4 42. Qd1 c5 43. Qb1 Kg8 44. g4 h5 45. gxh5 Kh7 46. Kh1 Qd3 47. Qd1 Qxd1+ 48. Nxd1 Be6 49. Kg2 Bxb3 50. Nc3 Bc2 51. Kg3 f5 52. Kh4 Kh6 53. Nd5 Bb3 54. Ne3 Be6 55. f3 exf3 56. Kg3 Kxh5 57. Kxf3 Kh4 58. Kg2 Bd7 59. h3 Bc6+ 60. Kh2 Be4 61. Nd1 c4 62. Nc3 Bc6 63. Ne2 g6 64. Nc3 Be4 65. Nd1 Bd3 66. Kg2 Kh5 67. Kg3 Kh6 68. Kh4 Bf1 69. Nc3 Kg7 70. Kg3 Kf6 71. h4 Ke6 72. Kf2 Bd3 73. Ke3 Bf1 74. Kd4 Kf6 75. Nd5+ Kg7 76. Ne3 Bd3 77. Nd5 Kh6 78. Nf6 Kg7 79. Nd5 Kh6 1/2-1/2

[Event "Münster II - Elberfeld"]
[Site "?"]
[Date "2024.01.28"]
[Round "5.6"]
[White "Kamp, Adrian"]
[Black "Noetzel, Frank"]
[Result "1/2-1/2"]
[WhiteElo "2055"]
[BlackElo "2198"]
[PlyCount "81"]
[EventDate "2024.??.??"]

1. e4 e5 2. Nf3 Nc6 3. d4 exd4 4. Nxd4 g6 5. Nxc6 bxc6 6. Bc4 Bg7 7. O-O Ne7 8. Nc3 d6 9. Be3 Be6 10. Bxe6 fxe6 11. Qg4 Qd7 12. Rad1 O-O 13. Ne2 Qc8 14. Bg5 Rf7 15. Qh4 Qd7 16. Rd3 e5 17. Rh3 Bh8 18. Rd1 Qe6 19. Rb3 Nc8 20. Qh3 Qxh3 21. Rxh3 Rb8 22. b3 Bf6 23. Bc1 Ne7 24. Rhd3 Kg7 25. Be3 a6 26. c3 c5 27. R3d2 Nc6 28. c4 h6 29. Nc3 Bg5 30. Bxg5 hxg5 31. h3 Nd4 32. Ne2 Ne6 33. f3 Rff8 34. Rb1 Rb7 35. Kf2 Rfb8 36. Rdb2 a5 37. Nc3 Nd4 38. Ke3 c6 39. Rd1 Rb4 40. Rdb1 Kf6 41. Kd3 1/2-1/2

[Event "Münster II - Elberfeld"]
[Site "?"]
[Date "2024.01.28"]
[Round "5.7"]
[White "Tymura, Achim"]
[Black "Kubo, Thomas"]
[Result "1-0"]
[WhiteElo "2018"]
[BlackElo "2032"]
[PlyCount "139"]
[EventDate "2024.??.??"]

1. d4 e6 2. c4 Bb4+ 3. Bd2 a5 4. Nf3 d6 5. Nc3 Qe7 6. g3 b6 7. Bg2 Bb7 8. O-O Nd7 9. b3 Ngf6 10. a3 Bxc3 11. Bxc3 O-O 12. Nd2 Bxg2 13. Kxg2 d5 14. b4 c5 15. Qb3 cxd4 16. Bxd4 e5 17. Bb2 d4 18. e3 dxe3 19. Qxe3 Rfc8 20. Qb3 Rd8 21. Rfe1 Rac8 22. Re2 Qd6 23. Rae1 Qc6+ 24. f3 Ng4 25. h3 Nh6 26. Bc3 axb4 27. axb4 Nf5 28. Qb2 Qg6 29. g4 Nh4+ 30. Kf2 Qg5 31. Qc2 Qf4 32. Rh1 f6 33. Qe4 Qxe4 34. Rxe4 Nb8 35. Re3 Rd7 36. Ra1 Rcd8 37. Ne4 Ng6 38. c5 bxc5 39. Nxc5 Rd1 40. Rxd1 Rxd1 41. Rd3 Rxd3 42. Nxd3 Kf7 43. Ke3 Ne7 44. Ke4 Ke6 45. f4 exf4 46. Nxf4+ Kd6 47. Nh5 Nd5 48. Be1 Nd7 49. Nxg7 Ne5 50. Nf5+ Ke6 51. b5 Nb6 52. Bf2 Nbd7 53. Ba7 Nc4 54. Kd4 Ncb6 55. Bxb6 Nxb6 56. Ne3 Kf7 57. Nd5 Nd7 58. b6 Kg6 59. Ke4 Kg5 60. Kf3 h5 61. gxh5 Kxh5 62. b7 Kg6 63. Ne7+ Kh5 64. Nc6 Kh4 65. Kg2 f5 66. Ne5 Nb8 67. Nf3+ Kh5 68. Kg3 Kg6 69. Kf4 Kf6 70. Nd4 1-0